MARC

LEADER 00000nam a2200000Ia 4500
001 1252
008 160829s9999 xx 000 0 cat d
080 |a M-3-338 
245 |a Ciutadà :  |b  què has de fer davant la guerra aèria? 
260 |a Barcelona :  |b Generalitat de Catalunya, Comissariat de Propaganda, [193 - ?] 
300 |a 60 p. :  |b  il. ;  |c 17 cm 
590 |a A peu de portada: Consell de Sanitat de Guerra. 
650 |a Guerra aèria   |9 33941 
650 |a Protecció civil  |x Catalunya   |9 33942 
650 |a Defenses aèries  |x Catalunya  |9 33943 
710 1 |a Catalunya.   |b Comissariat de Propaganda  |9 56414 
901 |a Arxiu 
942 |n 1 
952 |0 0  |1 0  |4 0  |6 M3338  |7 1  |9 46314  |a Arxiu  |b Arxiu  |d 2016-12-01  |l 0  |o M-3-338  |p 1252  |r 2016-12-01 00:00:00  |w 2016-12-01  |y ARXIU 
999 |c 50099  |d 50099